| 000 | 00359 a2200145 4500 | ||
|---|---|---|---|
| 999 |
_c5109 _d5109 |
||
| 020 | _a9788189005658 | ||
| 050 | _aP92ANU2010 | ||
| 100 | _aAhuja, B.K | ||
| 245 |
_aMass media communication / _cB.K Ahuja |
||
| 264 |
_aNew Dehli _bSaurabh Publishing _c2010 |
||
| 300 | _a268p. | ||
| 500 | _aIncludes index | ||
| 650 | _aMass Media | ||
| 942 |
_2lcc _cBK _h92 _iAHU _kP |
||